00935nam a2200217 a 450000100100000000500170001000800410002704000250006804100390009308200130013210000260014524000950017124501560026626000360042230000210045849000270047953401170050670000400062370000270066383000270069000002532820200930023718.0110214s1994 ag r 000 0 spa d aDO-SdBNPbspacBNPHU17aspaheng2Código de idiomas MARC ann*bnn*1 aBirenbaum, William M.10aSomething for everybody is not enough: an educator´s search for his education.lEspañol10aHacia una nueva universidad :bmemorias de un rector /cWilliam M. Birenbaum ; traducción de Ana Maria Uribe ; prólogo de Gustavo F. J. Cirigliano. aBuenos Aires :bPleamar,c1994. a271 p. ;c20 cm.1 aEducación liberadora aTítulo del original inglés :tSomething for everybody is not enough: an educator´s search for his education1 aCirigliano, Gustavo F. J.,epról.1 aUribe, Ana Maria,etr. 0aEducación liberadora